A magánnyomozás jogtörténete Magyarországon (1913-tól 1994-ig)
Elmentve itt :
| Szerző: | |
|---|---|
| További közreműködők: | |
| Dokumentumtípus: | Szakdolgozat |
| Megjelent: |
1994
|
| Tárgyszavak: | |
| Online Access: | http://diploma.bibl.u-szeged.hu/23742 |
| LEADER | 00578nta a2200157 i 4500 | ||
|---|---|---|---|
| 001 | dipl23742 | ||
| 005 | 20130314082218.0 | ||
| 008 | 110912s1994 hu om 0|| zxx d | ||
| 040 | |a SZTE Diploma Repozitórium |b hun | ||
| 041 | |a zxx | ||
| 100 | 1 | |a Gyury József | |
| 245 | 1 | 2 | |a A magánnyomozás jogtörténete Magyarországon (1913-tól 1994-ig) |h [elektronikus dokumentum] / |c József Gyury |
| 260 | |c 1994 | ||
| 650 | 4 | |a Jogi és igazgatási tanulmányok | |
| 700 | 2 | |a Homoki-Nagy Mária |e ths | |
| 856 | 4 | 0 | |u http://diploma.bibl.u-szeged.hu/id/eprint/23742/1/1994_gyury_jozsef.pdf |z Dokumentum-elérés |